| 000 | 00667nam a2200205 i 4500 | ||
|---|---|---|---|
| 001 | 101408 | ||
| 003 | ES-MaACL | ||
| 005 | 20230906182910.0 | ||
| 007 | t| | ||
| 008 | 051018s1923 sp f |||| | spa d | ||
| 080 | _a665.94 | ||
| 100 | 1 |
_aMazarredo, Francisco de. _979464 |
|
| 245 | 1 | 3 |
_aLa industria de la resina / _cmonografía por Francisco Mazarredo. |
| 246 | 3 | 0 |
_pPrecede al tít. _aComisión Protectora de la Producción Nacional |
| 260 |
_aMadrid : _b[s.n., _c1923] ( _fImp. de Ramona Velasco) |
||
| 300 |
_a78 p., [6] h. de lám. ; _c22 cm. |
||
| 650 |
_aGomas y resinas. _9162476 |
||
| 650 |
_aGomas y resinas. _9162476 |
||
| 852 |
_aES-MaACL _j1667-F-18 |
||
| 999 |
_c101408 _d101408 |
||